| 000 | 00859nam a2200277 i 4500 | ||
|---|---|---|---|
| 003 | EG-ScBUE | ||
| 005 | 20230806124828.0 | ||
| 008 | 180805t1976 enka f b 000 0 eng d | ||
| 020 | _a0631168702 | ||
| 040 |
_aEG-ScBUE _beng _erda _cEG-ScBUE _dEG-ScBUE |
||
| 082 | 0 | 4 |
_a910.285 _bMAT _222 |
| 100 | 1 |
_aMather, Paul M., _eauthor. |
|
| 245 | 1 | 0 |
_aComputers in geography : _ba practical approach / _cPaul M. Mather. |
| 264 | 1 |
_aOxford : _bBasil Blackwell, _c[1976] |
|
| 264 | 4 | _cc1976 | |
| 300 |
_a124 pages : _billustrations ; _c24 cm |
||
| 336 |
_2rdacontent _atext _btxt |
||
| 337 |
_2rdamedia _aunmediated _bn |
||
| 338 |
_2rdacarrier _avolume _bnc |
||
| 504 | _aIncludes bibliographical references. | ||
| 650 | 7 |
_aGeography _xData processing. _2BUEsh |
|
| 651 | _2BUEsh | ||
| 653 |
_bENGGEN _bGGEN _cAugust2018 |
||
| 655 | _vReading book | ||
| 942 |
_2ddc _cBB |
||
| 999 |
_c26832 _d26804 |
||